000 00299nam a22001337a 4500
008 181105b xxu||||| |||| 00| 0 eng d
020 _a0030623294
041 _aeng
080 _24 TH
_a331.101
100 _a52
101 _aBNJ
245 _aUnderstanding Behavior
_cJmaes.V.M
942 _2udc
_cBK
999 _c51815
_d51815